| 000 | 00364nam a2200145Ia 4500 | ||
|---|---|---|---|
| 008 | 150201s1999 xx 000 0 und d | ||
| 082 |
_a617.6 _bI1999A |
||
| 100 | _aS ANIL | ||
| 245 | _aINFECTION CONTROL IN DENTAL PRACTICE | ||
| 250 | _a1ST | ||
| 260 |
_bAITBS _aDELHI _c1999 |
||
| 300 | _a1-152 | ||
| 650 | _aPREVENTIVE AND COMMUNITY DENTISTRY | ||
| 942 |
_2ddc _cBK |
||
| 999 |
_c4175 _d4175 |
||